000 00586nam a22001817a 4500
005 20251108172717.0
008 250721s1997 xx 000 0 ara d
082 1 4 _a817/لحا
100 1 _aاللحام، سعيد محمد
_eمؤلف
245 1 0 _aطرائف الشعراء والمغنين /
264 1 _aبيروت :
_bعالم الكتب للطباعة والنشر والتوزيع،
_c1997.
300 _a102ص
650 1 7 _aالأدب العربي
650 1 7 _aالفكاهة والنوادر
650 1 7 _aالشعر العربي
942 _2ddc
_cBK
999 _c86541
_d86541